=LDR 00000nam 2200000 4500 =001 000987 =005 20250712022004 =035 ##$$a 0010-0725000866 =007 ta =008 250712################a##########0#ind## =020 ##$$a 978-623-307-446-9 =082 ##$$a 398.209 598 =084 ##$$a 398.209 598 NAG s =100 #$$a Nagappan subramanian =245 1#$$a Seringin bulu /$c Nagappan subramanian =250 ##$$a Cetakan kedua =260 ##$$a Rawamangun :$b Badan pengembangan dan pembinaan bahasa,$c 2022 =300 ##$$a 14hlm. : $b Ilus. ; $c 29cm =650 #4$$a Cerita anak indonesia-terjemahan